<?xml version="1.0" encoding="UTF-8"?>
<record
    xmlns:xsi="http://www.w3.org/2001/XMLSchema-instance"
    xsi:schemaLocation="http://www.loc.gov/MARC21/slim http://www.loc.gov/standards/marcxml/schema/MARC21slim.xsd"
    xmlns="http://www.loc.gov/MARC21/slim">

  <leader>02590nam a2200445 i 4500</leader>
  <controlfield tag="001">194105</controlfield>
  <controlfield tag="003">SpMaBN</controlfield>
  <controlfield tag="005">20250902082128.0</controlfield>
  <controlfield tag="007">ta</controlfield>
  <controlfield tag="008">240305s2012    sp a   | |||| 001 0 spa  </controlfield>
  <datafield tag="017" ind1=" " ind2=" ">
    <subfield code="a">M 2006-2012</subfield>
    <subfield code="b">Oficina Dep&#xF3;sito Legal Madrid</subfield>
  </datafield>
  <datafield tag="020" ind1=" " ind2=" ">
    <subfield code="a">9788499703138</subfield>
  </datafield>
  <datafield tag="035" ind1=" " ind2=" ">
    <subfield code="a">(OCoLC)796231940</subfield>
  </datafield>
  <datafield tag="040" ind1=" " ind2=" ">
    <subfield code="a">SpMaBN</subfield>
    <subfield code="b">spa</subfield>
    <subfield code="c">SpMaBN</subfield>
    <subfield code="e">rdc</subfield>
  </datafield>
  <datafield tag="080" ind1=" " ind2=" ">
    <subfield code="a">929 Gonz&#xE1;lez M&#xE1;rquez, Felipe</subfield>
  </datafield>
  <datafield tag="080" ind1=" " ind2=" ">
    <subfield code="a">329(460)</subfield>
  </datafield>
  <datafield tag="080" ind1=" " ind2=" ">
    <subfield code="a">33:32(460)</subfield>
  </datafield>
  <datafield tag="080" ind1=" " ind2=" ">
    <subfield code="a">929(460)"19":32</subfield>
  </datafield>
  <datafield tag="100" ind1=" " ind2=" ">
    <subfield code="a">Chicote, Javier,</subfield>
    <subfield code="d">1979-</subfield>
    <subfield code="0">XX4660857</subfield>
    <subfield code="9">235752</subfield>
  </datafield>
  <datafield tag="245" ind1="1" ind2="0">
    <subfield code="a">Socialistas de &#xE9;lite :</subfield>
    <subfield code="b">Felipe y los felipistas: de Suresnes al club del mill&#xF3;n de euros /</subfield>
    <subfield code="c">Javier Chicote.</subfield>
  </datafield>
  <datafield tag="250" ind1=" " ind2=" ">
    <subfield code="a">1&#xAA; ed. febrero 2012</subfield>
  </datafield>
  <datafield tag="260" ind1=" " ind2=" ">
    <subfield code="a">Madrid :</subfield>
    <subfield code="b">La Esfera de los Libros,</subfield>
    <subfield code="c">2012.</subfield>
  </datafield>
  <datafield tag="300" ind1=" " ind2=" ">
    <subfield code="a">415 p. :</subfield>
    <subfield code="b">il. ;</subfield>
    <subfield code="c">24 cm</subfield>
  </datafield>
  <datafield tag="336" ind1=" " ind2=" ">
    <subfield code="a">Texto (visual)</subfield>
    <subfield code="2">isbdcontent</subfield>
  </datafield>
  <datafield tag="337" ind1=" " ind2=" ">
    <subfield code="a">sin mediaci&#xF3;n</subfield>
    <subfield code="2">isbdmedia</subfield>
  </datafield>
  <datafield tag="338" ind1=" " ind2=" ">
    <subfield code="2">rdacarrier</subfield>
    <subfield code="a">volumen</subfield>
  </datafield>
  <datafield tag="500" ind1=" " ind2=" ">
    <subfield code="a">&#xCD;ndice</subfield>
  </datafield>
  <datafield tag="520" ind1=" " ind2=" ">
    <subfield code="a">Felipe Gonz&#xE1;lez compar&#xF3; a los expresidentes del Gobierno con un jarr&#xF3;n chino: muy valiosos, pero nadie sabe d&#xF3;nde ponerlos. Con los a&#xF1;os, tanto el l&#xED;der de la generaci&#xF3;n de pol&#xED;ticos socialistas que gobern&#xF3; entre 1982 y 1996 como sus principales colaboradores han encontrado acomodo en los m&#xE1;s altos estantes del poder econ&#xF3;mico. Est&#xE1;n en los consejos de administraci&#xF3;n de las grandes corporaciones, han creado sus propias empresas y dirigen grupos de presi&#xF3;n. Algunos trabajan para m&#xE1;s de una decena de empresas y obtienen ingresos que superan el mill&#xF3;n de euros anual. La receta de su &#xE9;xito tiene dos ingredientes: eran grandes profesionales de sus respectivas carreras, a lo que sumaron las influencias cosechadas durante su etapa de gobierno. Son pocos los que no han sucumbido a las grandes ofertas del poder econ&#xF3;mico: tambi&#xE9;n ellos han sido reflejados en este libro. </subfield>
  </datafield>
  <datafield tag="600" ind1="1" ind2="4">
    <subfield code="a">Gonz&#xE1;lez M&#xE1;rquez, Felipe,</subfield>
    <subfield code="d">1942-</subfield>
    <subfield code="2">embne</subfield>
    <subfield code="9">58780</subfield>
  </datafield>
  <datafield tag="610" ind1="2" ind2="7">
    <subfield code="a">Partido Socialista Obrero Espa&#xF1;ol</subfield>
    <subfield code="2">embne</subfield>
    <subfield code="9">6155</subfield>
  </datafield>
  <datafield tag="650" ind1=" " ind2="7">
    <subfield code="a">Negocios y pol&#xED;tica-</subfield>
    <subfield code="z">Espa&#xF1;a</subfield>
    <subfield code="2"></subfield>
    <subfield code="9">169443</subfield>
  </datafield>
  <datafield tag="650" ind1=" " ind2="7">
    <subfield code="a">Pol&#xED;ticos</subfield>
    <subfield code="z">Espa&#xF1;a</subfield>
    <subfield code="2">embne</subfield>
    <subfield code="9">136752</subfield>
  </datafield>
  <datafield tag="852" ind1=" " ind2=" ">
    <subfield code="a">ES-MaACL</subfield>
    <subfield code="b">R.155084</subfield>
    <subfield code="c">DEPOJ</subfield>
    <subfield code="j">N-9858</subfield>
    <subfield code="x">Encuadernaci&#xF3;n r&#xFA;stica con solapas</subfield>
    <subfield code="9">201793</subfield>
    <subfield code="h">Donacion: Jos&#xE9; L&#xE1;zaro Garc&#xED;a</subfield>
  </datafield>
  <datafield tag="903" ind1=" " ind2=" ">
    <subfield code="9">234219</subfield>
    <subfield code="a">L&#xE1;zaro Garc&#xED;a, Jos&#xE9;</subfield>
    <subfield code="e">dnr</subfield>
  </datafield>
  <datafield tag="942" ind1=" " ind2=" ">
    <subfield code="c">MONOGRAFIA</subfield>
    <subfield code="n">0</subfield>
  </datafield>
  <datafield tag="999" ind1=" " ind2=" ">
    <subfield code="c">194105</subfield>
    <subfield code="d">194105</subfield>
  </datafield>
  <datafield tag="952" ind1=" " ind2=" ">
    <subfield code="0">0</subfield>
    <subfield code="1">0</subfield>
    <subfield code="2">udc</subfield>
    <subfield code="4">0</subfield>
    <subfield code="7">0</subfield>
    <subfield code="a">ATENEOM</subfield>
    <subfield code="b">ATENEOM</subfield>
    <subfield code="c">DEPOJ</subfield>
    <subfield code="d">2024-04-19</subfield>
    <subfield code="e">DONACION</subfield>
    <subfield code="l">0</subfield>
    <subfield code="o">N-9858</subfield>
    <subfield code="p">101226987</subfield>
    <subfield code="r">2024-04-19 00:00:00</subfield>
    <subfield code="w">2024-04-19</subfield>
    <subfield code="y">MONOGRAFIA</subfield>
  </datafield>
</record>
